El impuesto a la renta mínima presunta

Spremljeno u:
Bibliografski detalji
Glavni autor: Letelier Pfingsthorn, Hernán (Autor)
Format: Knjiga
Jezik:španjolski
Izdano: Santiago Jurídica 1969
Teme:
Oznake: Dodaj oznaku
Bez oznaka, Budi prvi tko označuje ovaj zapis!

MARC

LEADER 00000nam a2200000 a 4500
001 UCS0733
003 CL-VaPUC
008 970426e19690000CL |||||||||||||||||spa|d
082 0 4 |a 343.043  |b LET  |2 21 
100 0 |a Letelier Pfingsthorn, Hernán  |e author  |9 384563 
245 1 3 |a El impuesto a la renta mínima presunta 
300 |a 124 p 
942 |c BK 
945 |d 19970426 00:00:00  |a lriquelm 
260 |a Santiago  |b Jurídica  |c 1969 
650 0 |a Derecho tributario  |9 258895 
650 0 |a Impuesto a la renta  |9 258171 
650 0 |a Impuestos  |9 255450 
650 7 |a COBRANZA TRIBUTARIA  |2 CL-VaPUC  |9 383947 
651 7 |a CHILE  |2 CL-VaPUC  |9 384564 
583 |a last modification  |c 19970426 00:00:00  |k Rodrigo Vera 
999 |c 258948  |d 258946 
952 |0 0  |1 0  |4 0  |6 343_043000000000000_LET_1969  |7 0  |8 A  |9 283378  |a BIBDER  |b BIBDER  |d 2019-11-19  |i 1835548  |o 343.043 LET 1969  |p 1835548  |r 2023-01-25  |w 2019-11-19  |y BK  |k DER